000 00482nam a22001817a 4500
003 OSt
005 20140310184456.0
008 131011t xxu||||| |||| 00| 0 eng d
020 _a9780531223567
050 _aDS 445M3
_b.H625 2010
245 _aMao Zedong
_cKimberley Burton Heuston
260 _aNew York :
_bFranklin Watts,
_c2010.
300 _a128 p. :
_bill., maps (some col.) ;
_c19 cm.
521 _aG8
526 _c980
942 _2lcc
_cBK-SCHOLAS
999 _c34662
_d34662